000 00339nam a2200133Ia 4500
008 240624s9999 xx 000 0 und d
041 _aeng
082 _a658.827 HAR
100 _aHARTMAN JASON
245 _aBECOME THE BRAND OF CHOICE
260 _c2007
_aMumbai
_bJaico Publishing House
300 _a302 : p. : cm. ; 24
365 _cRS
_b30
999 _c8211
_d8211